banner-ar

الالهة والاساطير اليونانية / (Record no. 59940)

MARC details
000 -الفاتح
حقل البيانات ثابتة الطول 00943nam a22002297a 4500
005 - وقت وتاريخ اخر تعامل مع التسجيلة
رقم الضبط 20240530110344.0
008 - عناصر البيانات ثابتة الطول - معلومات عامة
حقل البيانات ثابتة الطول 141126q2010 ua f grb 000 0 ara d
040 ## - مصدر الفهرسة
وكالة الفهرسة الأصلية EG-CaGPL
041 0# - رمز اللغة
رمز لغة النص/ المسارات الصوتية أو العنوان الانفرادي ara
082 04 - رقم تصنيف ديوى العشرى
رقم الطبعة 21
رقم التصنيف 398.22\
رقم المادة م ا
100 0# - المدخل الرئيسى - إسم شخصى
الإسم الشخصى مها محمد السيد
العنوان والكلمات الأخرى المصاحبة للاسم استاذ مساعد الاثار اليونانية والرومانية كلية الاداب - جامعة طنطا
245 1# - بيان العنوان
العنوان الالهة والاساطير اليونانية /
بيان المسئوليه,etc مها محمد السيد احمد
260 ## - PUBLICATION, DISTRIBUTION, ETC. (IMPRINT)
تاريخ النشر أو التوزيع [ 2010 ]
300 ## - الوصف المادى
التعداد 174 ص :
تفاصيل ماديه اخرى للوعاء لوحات ؛
أبعاد الوعاء 24 سم
504 ## - تبصرة ببليوجرافية
تبصرة ببليوجرافية,الخ يشتمل على ارجاعات ببليوجرافية
650 04 - المدخل الاضافى بالموضوع-مصطلح موضوعى
مصطلح موضوعي اليونان القديمة
التقسيم الفرعي العام اساطير
650 04 - المدخل الاضافى بالموضوع-مصطلح موضوعى
مصطلح موضوعي الاساطير التاريخية
650 04 - المدخل الاضافى بالموضوع-مصطلح موضوعى
مصطلح موضوعي الاساطير اليونانية
650 04 - المدخل الاضافى بالموضوع-مصطلح موضوعى
مصطلح موضوعي الالهه
التقسيم الفرعي العام اساطير
942 ## - عناصر المدخل الإضافي( كوها)
مصدر التصنيف او مخطط الترفيف Dewey Decimal Classification
Koha [default] item type كتاب
260 ## - PUBLICATION, DISTRIBUTION, ETC. (IMPRINT)
-- [ د . م ]
-- [ د . ن ]
Holdings
حالة التراجع حالة الفقد حالة تلف ليس للاعارة المكان المؤقت الموقع الحالى تاريخ الاكتساب اجمالي اﻻعارات رقم الطلب الباركود تاريخ اخر مشاهدة تاريخ تفعيل السعر نوع وعاء كوها
        مكتبة القاهرة الكبرى مكتبة القاهرة الكبرى 11/26/2014   398.22\ م ا 158905 11/26/2014 11/26/2014 كتاب

Powered By

EGPV